Statistics for Click Leaders of Cold War Nations

Click here to take the quiz!

General Stats

  • This quiz has been taken 102 times
  • The average score is 20 of 24

Answer Stats

HintAnswer% Correct
Fidel CastroCuba
96%
Charles de GaulleFrance
94%
Pol PotCambodia
93%
Mao ZedongChina (PRC)
93%
Margaret ThatcherUnited Kingdom
93%
Nikita KhrushchevSoviet Union
91%
Dwight EisenhowerUnited States
91%
Kim Il-sungNorth Korea
89%
Hồ Chí MinhVietnam
89%
Alexander DubčekCzechoslovakia
84%
Nicolae CeaușescuRomania
84%
Josip TitoYugoslavia
84%
Pierre TrudeauCanada
83%
The MujahideenAfghanistan
81%
Gamal Abdel NasserEgypt
81%
Hazef al-AssadSyria
81%
Augusto PinochetChile
80%
Patrice LumumbaD.R. of the Congo
80%
Ayatollah KhomeiniIran
80%
SukarnoIndonesia
79%
Helmut KohlWest Germany
79%
Chiang Kai-ShekTaiwan (ROC)
76%
P.W. BothaSouth Africa
73%
Syngman RheeSouth Korea
54%

Score Distribution

Percentile by Number Answered

Percent of People with Each Score

Your Score History

You have not taken this quiz